000 01061nam a2200325 i 4500
003 EG-GICUC
005 20260301131025.0
008 260301s2004 fr ||||fr|||| 00| 0 fre d
020 _a2707613975
040 _aEG-GiCUC
_bfre
_cEG-GiCUC
_dEG-GiCUC
_eRda
082 0 4 _221
_a341.48
_bOB . L
092 0 4 _221
099 _aLaw1 11 341.48 OB . L 2004
100 1 _aOberdorff, Henri
_eAuteur
245 1 0 _aLibertés Fondamentales Et Droits De L'homme :
_bTextes français et internationaux /
_cHenri Oberdorff, Jacques Robert.
_n
250 _a6º Édition
264 1 _aParis :
_bMontchrestien,
_c2004.
300 _a814page :
_billustration ;
_c 24 cm.
336 _2rda contenu
_a texte
337 _2rda medias
_aOrdinateur
338 _2 transporteur rda
_a Ressource en ligne
504 _a
546 _aTexte en français
650 1 4 _aDroit international public
_2
651 1 _2
700 1 _aRobert, Jacques
_eCo-Auteur
856 4 0 _uhttps://fll.law.cu.edu.eg/fulltext/bks/B11-09176.pdf
905 _a50
942 _2ddc
_cBK
_e21
_n0
999 _c64479
_d64479